000 00362nam a22001697a 4500
003 UA-OsUOA
001 4992
007 ta
008 20050721b un ||||| |||| 00| 0 ukr d
100 _aSpring
700 _aAnita
942 _cBK
040 _aUA-OsUOA
_cUA-OsUOA
_dUA-OsUOA
245 _aWomen Farmers and Commercial Ventures.
955 _a2
650 7 _2UDC
999 _c291154
_d291154